000 00505nam a2200157Ia 4500
008 180321s1995 xx 000 0 und d
082 _a338.954 PAR
100 _aParikh, Kirit S.
245 _aStrategies for agricultural liberalization: Consequences for growth, welfare and distribution
260 _aBombay
_bIndira Gandhi Institute of Development Research
_c1995
300 _a154
650 _aLiberalization
650 _aPolicy scenarios
700 _aNarayana, N.S.S.
700 _aPanda, Manoj
999 _c110836
_d110836